000 00820nam a2200241 a 4500
001 BRL_1716
003 FranzMayer
005 20230918122856.0
008 280514s2009----mx-a######---#000-0#spa-#
040 _cmfm
041 _aspa
044 _amx
050 4 _aTT28
_b.M37 2009
100 1 _aMartínez Peñaloza, Porfirio
_91788
245 1 0 _aPermanencia, cambio y extinción de la artesanía en México
_cPorfirio Martínez Peñaloza ; revisión y actualización Marco Buenrostro.
260 _aMéxico
_bFONART Fondo Nacional para el Fomento de las Artesanias
_c2009
300 _a39 p.
_bil.
_c21 cm.
440 0 _aArtesanías tradicionales. Apuntes monográficos
_927490
500 _aUn ejemplar en Anexo 1
650 1 4 _aArtesanías
_zMéxico
_93976
700 1 _aBuenrostro, Marco
_911025
942 _2lcc
_cB
999 _c10524
_d10524